000 00427nam a2200169Ia 4500
003 GCL
008 140319s9999 xx 000 0 eng d
040 _aGCL /
_cGCL
082 0 4 _a616.6
_bH C
100 1 _aHANNO, PHILIP M.
245 1 0 _aCLINICAL MANUAL OF UROLOGY /
_cHANNO, PHILIP M.
700 1 _aWEIN, ALAN J.
260 _a[S.N] :
_bMC GRAW - HILL ،
_c1994
300 _a876 P
650 0 4 _aUROLOGY
942 _2ddc
_cBK
999 _c20861
_d20861